000
00296nam a2200133Ia 4500
005
20251222155046.0
008
251222s9999||||xx |||||||||||||| ||spa||
082
_a
REL.72
100
_a
Docum.Eclesiales
245
0
_a
Carta Enciclica
250
_a
1ra. ed.
264
_b
Salesiana
942
_c
LIB
999
_c
37103
_d
37103